000 00270nam a22001217a 4500
008 180521b xxu||||| |||| 00| 0 eng d
041 _aeng
080 _a043.3
100 _a0
101 _aSHKI-BTH
245 _aGSM (Global Special Mobile)
_cBlaka,R
942 _2udc
_cBK
999 _c46125
_d46125